| 000 | 00907cam a2200325 4500 | ||
|---|---|---|---|
| 001 | ABS65910 | ||
| 008 | 020930n2002 000 0 eng u | ||
| 035 | _a(Sirsi) u119925 | ||
| 245 | _aBerkshire | ||
| 260 | _c2002 | ||
| 490 |
_aProperty Week _v67(34) 6 September 2002, 49-80(15) |
||
| 590 | _aABS | ||
| 650 | _aINDUSTRIAL MARKET | ||
| 650 | _aPROPERTY-COMMERCIAL PROPERTY-RETAIL PROPERTY-RETAIL PROPERTY MARKET | ||
| 650 | _aPROPERTY-COMMERCIAL PROPERTY-OFFICE PROPERTY-OFFICE PROPERTY MARKET | ||
| 650 | _aTHAMES VALLEY | ||
| 650 | _aBERKSHIRE | ||
| 650 | _aSLOUGH | ||
| 650 | _aMAIDENHEAD | ||
| 650 | _aREADING | ||
| 650 | _aBRACKNELL | ||
| 650 | _aWINDSOR | ||
| 650 | _aWOKINGHAM | ||
| 650 | _aNEWBURY | ||
| 650 | _aPROPERTY INVESTMENT | ||
| 650 | _aREGENERATION | ||
| 650 | _aSHOPPING | ||
| 690 | _aPROPERTY-COMMERCIAL PROPERTY-COMMERCIAL PROPERTY MARKET | ||
| 942 | _n0 | ||
| 999 |
_c71250 _d71250 |
||